Italian Language Body Parts #1 - Statistics

General Stats
  • This quiz has been taken 21 times
  • The average score is 17 of 20
Answer Stats
Hint Answer % Correct
mouth bocca
100%
face faccia/viso
100%
nose naso
100%
eye occhio
100%
tooth dente
94%
finger dito
94%
tongue lingua
94%
arm braccio
89%
leg gamba
89%
hand mano
89%
ear orecchio
89%
foot piede
89%
hair capelli
83%
neck collo
83%
head testa
83%
toe dito del piede
78%
knee ginocchio
78%
chest petto
67%
back schiena
67%
thumb poilice
50%
No matching quizzes found
Score Distribution
Percent of People with Each Score
Percentile by Number Answered
Your Score History
You have not taken this quiz